| 000 | 01140nam1a22002651 4500 | ||
|---|---|---|---|
| 001 | rc\3022973 | ||
| 005 | 20110928121418.9 | ||
| 035 | _a(NLR Aleph) 007164805 | ||
| 090 |
_a7285753 _c7285753 |
||
| 100 | _a20110928g19351937|||y0rusy50 ca | ||
| 101 | 0 | _arus | |
| 102 | _aRU | ||
| 105 | _ay z ||||| | ||
| 200 | 1 |
_aИстория строительной техники _eВып. 1- _fЮ.К. Милонов _gПод общ. ред. А.А. Зворыкина _gПостоянная комиссия по истории техники при ВКВТО ЦИК СССР |
|
| 210 |
_aМосква _cФак-т заоч. повышения квалификации инж-ров и техников по обществ.-полит. наукам _d1935-1937 _gстеклогр. ИЗПК |
||
| 215 | _d27×21 см | ||
| 300 | _aСтеклогр. изд. | ||
| 333 | _aНа правах рукописи | ||
| 700 | 1 |
_aМилонов _bЮ. К. _f1895- _gЮрий Константинович |
|
| 702 | 1 |
_aЗворыкин _bА. А. _4340 |
|
| 801 | 0 |
_aRU _bNLR _gpsbo |
|
| 801 | 1 |
_aRU _bELAR _2rusmarc |
|
| 852 |
_aNLR _j35-19/130 |
||
| 942 | _cBOOK | ||
| 980 | _aNB | ||